Vplyv miestnych financií na udržateľný rozvoj diplomová práca

Guardado en:
Detalles Bibliográficos
Autor principal: Džačovská, Zuzana
Autor Corporativo: Národohospodárska fakulta EU. Katedra financií
Otros Autores: Kováč Gerulová, Lukrécia, 1978-
Formato: Libro
Lenguaje:eslovaco
Publicado: Bratislava 2025
Etiquetas: Agregar Etiqueta
Sin Etiquetas, Sea el primero en etiquetar este registro!

MARC

LEADER 00000nbm a2200000 4500
001 0309344
005 20251016123606.2
041 0 |a slo 
044 |a SK 
245 1 0 |a Vplyv miestnych financií na udržateľný rozvoj  |b diplomová práca  |c Zuzana Džačovská ; školiteľ: Lukrécia Kováč Gerulová 
264 1 |a Bratislava  |c 2025 
300 |a 63 s. 
100 1 |a Džačovská, Zuzana 
700 1 |a Kováč Gerulová, Lukrécia, 1978- 
710 2 |a Národohospodárska fakulta EU. Katedra financií